Fotoğraflarla Divriği mirası (Record no. 1695)

MARC details
000 -BAŞLIK
Sabit Uzunlukta Kontrol Alanı 00892na a2200265 4500
001 - KONTROL NUMARASI
Denetim Alanı 23013
003 - KONTROL NUMARASI IDENTIFIER
Denetim Alanı MIRAKIL
005 - SON İŞLEM TARİHİ VE ZAMANI
Denetim Alanı 20181213154832.0
008 - SABİT-BOY VERİ ELEMANLARI - GENEL BİLGİLER
Sabit Uzunlukta Kontrol Alanı 170424b tu 000 0
040 ## - KATALOGLAMA KAYNAK
Orijinal Kataloglama Ajansı Milas
Kataloglama Dili tur
Metne Dönüştürmek Ajansı TR-AnCHP
041 ## - DİL KODU
Metin / Ses Parça Veya Ayrı Başlığın Dil Kodu tur
-- eng
082 ## - DEWEY ONLU SINIFLANDIRMA NUMARASI
Sınıflandırma Numarası 956.1014
Ürün Numarası G94f 2014
090 ## - SINIFLAMA NUMARASI
Sınıflama Numarası 956.1014 G94f 2014
100 ## - ANA GİRİŞ - KİŞİSEL İSİM
Kişisel Ad Güldalı, Yusuf
245 ## - BAŞLIK TABLOSU
Başlık Fotoğraflarla Divriği mirası
Başlığın Kalan Heritage of Divriği with photographs
Sorumluluk Tablosu, Vb Yayına hazırlayanlar Tekin Şener, M. Ali Erdoğan
246 ## - UNVAN FORM VARYING
Başlık Doğru / Kısa Başlığı Heritage of Divriği with photographs
260 ## - YAYIN, DAĞITIM, VB
Yayın, Dağıtım, Vb Yeri [y.y.]
Yayıncı, Dağıtıcı, Vs Adı Senkronize ajans matbaa
Yayın, Dağıtım, Vb Tarihi 2014
Üretici Firma Matser basım sanayi
300 ## - FİZİKSEL TANIM
Kapsam 223 s.
Diğer Fiziksel Ayrıntıları fotğ.
Boyutlar 19 sm.
600 ## - KONU KATMA GİRİŞ - KURUMSAL ADI
Kişisel Ad M. Ali Erdoğan
600 ## - KONU KATMA GİRİŞ - KURUMSAL ADI
Kişisel Ad Tekin Şener
650 ## - KONU KATMA GİRİŞ - TOPİKAL DÖNEM
Topikal Süreli Veya Coğrafi Ad Giriş Elemanı Sivas
Genel Alt Bölümü Selçuklu Mimarisi
Kronolojik Alt Bölümü Fotoğraflar
650 ## - KONU KATMA GİRİŞ - TOPİKAL DÖNEM
Topikal Süreli Veya Coğrafi Ad Giriş Elemanı Tarih
Genel Alt Bölümü Türkiye
Kronolojik Alt Bölümü Selçuklular
740 ## - KATMA GİRİŞ - KONTROLSUZ İLGİLİ / ANALİTİK BAŞLIK
Kontrol Edilmeyen / İlgili Analitik Başlıktaki Heritage of Divriği with photographs
942 ## - EKLENDİ GİRİŞ ELEMANLARI (KOHA)
Sınıflandırma Veya Raf Düzeni Kaynak Dewey Decimal Classification
Koha Öğesi Türü Books
999 ## - SİSTEM KONTROL NUMARALARI (KOHA)
Koha Biblionumber 1695
Koha Biblioitemnumber 1695
Holdings
Kalıcı Konum Mevcut Konum Edinme Tarihi Edinim Kaynak Toplam Check-Out'Lar Tam Çağrı Numarası Barkod Tarih Son Görülme İtibaren Geçerli Fiyatlar Koha Öğesi Türü
CHP Kütüphanesi CHP Kütüphanesi 04/24/2017 Bağış   956.1014 G94f 2014 016964 04/24/2017 04/24/2017 Books